| 000 | 01046nam a2200193 a 4500 | ||
|---|---|---|---|
| 001 | 000032740 | ||
| 005 | 20200930065815.0 | ||
| 008 | 090729 1936 dr 000 0 spa d | ||
| 040 |
_aDO-SdBNP _bspa _cBNPHU |
||
| 082 |
_axxxx _bR426l |
||
| 110 | 1 |
_aRepública Dominicana. _9447 |
|
| 240 | 1 | 0 | _a[Leyes, etc.] |
| 245 | 1 | 0 |
_aLeyes de rentas internas : _bcuya aplicación esta a cargo de las Aduanas de la República. |
| 250 | _a6a ed.l | ||
| 260 |
_aCiudad Trujillo : _bReceptoría General de Aduana, _c1936. |
||
| 300 |
_a148 p. ; _c23 cm. |
||
| 505 | 0 |
_tLa ley 854, impuesto sobre venta, uso y consumo, con sus modificaciones -- _tLey 949, impuesto especial de alcoholes y gasolina -- _tLey sobre derechos consulares -- _tLey de impuesto sobre carga, etc. -- _tLey sobre impuesto de acueducto -- _tLey sobre derechos de puerto -- _tLey de impuesto sobre documentos -- _tLey sobre inspección de cemento -- _tLey de impuesto sobre sal -- _tLey de impuesto sobre arroz -- _tLey de impuesto sobre harinas -- _tÍndice de las leyes 854 y 949. |
|
| 049 | _aBNPD | ||
| 999 |
_c32231 _d32231 |
||